<?xml version="1.0" encoding="UTF-8"?><marc:collection xmlns:marc="http://www.loc.gov/MARC21/slim">
  <marc:record>
    <marc:leader>00000nam  2200000zi 4500</marc:leader>
    <marc:controlfield tag="001">9.891308</marc:controlfield>
    <marc:controlfield tag="003">CaOODSP</marc:controlfield>
    <marc:controlfield tag="005">20221107172839</marc:controlfield>
    <marc:controlfield tag="006">m     o  d f      </marc:controlfield>
    <marc:controlfield tag="007">cr cn|||||||||</marc:controlfield>
    <marc:controlfield tag="008">200909t20202020oncab   ob   f000 0 eng d</marc:controlfield>
    <marc:datafield tag="040" ind1=" " ind2=" ">
      <marc:subfield code="a">CaOODSP</marc:subfield>
      <marc:subfield code="b">eng</marc:subfield>
      <marc:subfield code="e">rda</marc:subfield>
      <marc:subfield code="c">CaOODSP</marc:subfield>
    </marc:datafield>
    <marc:datafield tag="043" ind1=" " ind2=" ">
      <marc:subfield code="a">n-cn-nf</marc:subfield>
      <marc:subfield code="a">n-cn-qu</marc:subfield>
      <marc:subfield code="a">n-cnm--</marc:subfield>
    </marc:datafield>
    <marc:datafield tag="045" ind1=" " ind2=" ">
      <marc:subfield code="a">w7y1</marc:subfield>
    </marc:datafield>
    <marc:datafield tag="086" ind1="1" ind2=" ">
      <marc:subfield code="a">Fs70-5/2020-030E-PDF</marc:subfield>
    </marc:datafield>
    <marc:datafield tag="100" ind1="1" ind2=" ">
      <marc:subfield code="a">Galbraith, Peter S. </marc:subfield>
      <marc:subfield code="q">(Peter Stewart), </marc:subfield>
      <marc:subfield code="d">1963- </marc:subfield>
      <marc:subfield code="e">author.</marc:subfield>
    </marc:datafield>
    <marc:datafield tag="245" ind1="1" ind2="0">
      <marc:subfield code="a">Physical oceanographic conditions in the Gulf of St. Lawrence during 2019 / </marc:subfield>
      <marc:subfield code="c">P.S. Galbraith, J. Chassé, J.-L. Shaw, J. Dumas, C. Caverhill, D. Lefaivre, C. Lafleur.</marc:subfield>
    </marc:datafield>
    <marc:datafield tag="264" ind1=" " ind2="1">
      <marc:subfield code="a">Ottawa ON : </marc:subfield>
      <marc:subfield code="b">Canadian Science Advisory Secretariat (CSAS), </marc:subfield>
      <marc:subfield code="c">2020.</marc:subfield>
    </marc:datafield>
    <marc:datafield tag="264" ind1=" " ind2="4">
      <marc:subfield code="c">©2020</marc:subfield>
    </marc:datafield>
    <marc:datafield tag="300" ind1=" " ind2=" ">
      <marc:subfield code="a">1 online resource (iv, 84 pages) : </marc:subfield>
      <marc:subfield code="b">illustrations (chiefly colour), maps (chiefly colour).</marc:subfield>
    </marc:datafield>
    <marc:datafield tag="336" ind1=" " ind2=" ">
      <marc:subfield code="a">text</marc:subfield>
      <marc:subfield code="b">txt</marc:subfield>
      <marc:subfield code="2">rdacontent</marc:subfield>
    </marc:datafield>
    <marc:datafield tag="337" ind1=" " ind2=" ">
      <marc:subfield code="a">computer</marc:subfield>
      <marc:subfield code="b">c</marc:subfield>
      <marc:subfield code="2">rdamedia</marc:subfield>
    </marc:datafield>
    <marc:datafield tag="338" ind1=" " ind2=" ">
      <marc:subfield code="a">online resource</marc:subfield>
      <marc:subfield code="b">cr</marc:subfield>
      <marc:subfield code="2">rdacarrier</marc:subfield>
    </marc:datafield>
    <marc:datafield tag="490" ind1="1" ind2=" ">
      <marc:subfield code="a">Research document, </marc:subfield>
      <marc:subfield code="x">1919-5044 ; </marc:subfield>
      <marc:subfield code="v">2020/030</marc:subfield>
    </marc:datafield>
    <marc:datafield tag="500" ind1=" " ind2=" ">
      <marc:subfield code="a">Issued also in French under title: Conditions océanographiques physiques dans le golfe du Saint-Laurent en 2019.</marc:subfield>
    </marc:datafield>
    <marc:datafield tag="500" ind1=" " ind2=" ">
      <marc:subfield code="a">"Quebec Region."</marc:subfield>
    </marc:datafield>
    <marc:datafield tag="500" ind1=" " ind2=" ">
      <marc:subfield code="a">"August 2020."</marc:subfield>
    </marc:datafield>
    <marc:datafield tag="504" ind1=" " ind2=" ">
      <marc:subfield code="a">Includes bibliographical references (pages 19-21).</marc:subfield>
    </marc:datafield>
    <marc:datafield tag="520" ind1=" " ind2=" ">
      <marc:subfield code="a">"This document examines the physical oceanographic conditions and related atmospheric forcing in the Gulf of St. Lawrence in 2019. It complements similar reviews of the environmental conditions on the Newfoundland and Labrador Shelf and the Scotian Shelf and Gulf of Maine as part of the Department of Fisheries and Oceans' (DFO) Atlantic Zone Monitoring Program (AZMP) in support of zonal state of the ocean report provided as a Scientific Advisory Report. The last detailed report of physical oceanographic conditions in the Gulf of St. Lawrence was produced for the year 2018"--Introduction, page 1.</marc:subfield>
    </marc:datafield>
    <marc:datafield tag="650" ind1=" " ind2="0">
      <marc:subfield code="a">Oceanography</marc:subfield>
      <marc:subfield code="z">Saint Lawrence, Gulf of.</marc:subfield>
    </marc:datafield>
    <marc:datafield tag="710" ind1="2" ind2=" ">
      <marc:subfield code="a">Canadian Science Advisory Secretariat, </marc:subfield>
      <marc:subfield code="e">issuing body.</marc:subfield>
    </marc:datafield>
    <marc:datafield tag="710" ind1="1" ind2=" ">
      <marc:subfield code="a">Canada. </marc:subfield>
      <marc:subfield code="b">Department of Fisheries and Oceans. </marc:subfield>
      <marc:subfield code="b">Quebec Region, </marc:subfield>
      <marc:subfield code="e">issuing body.</marc:subfield>
    </marc:datafield>
    <marc:datafield tag="775" ind1="0" ind2="8">
      <marc:subfield code="t">Conditions océanographiques physiques dans le golfe du Saint-Laurent en 2019 / </marc:subfield>
      <marc:subfield code="w">(CaOODSP)9.891309</marc:subfield>
    </marc:datafield>
    <marc:datafield tag="830" ind1="#" ind2="0">
      <marc:subfield code="a">Research document (Canadian Science Advisory Secretariat)</marc:subfield>
      <marc:subfield code="v">2020/030.</marc:subfield>
      <marc:subfield code="w">(CaOODSP)9.507396</marc:subfield>
    </marc:datafield>
    <marc:datafield tag="856" ind1="4" ind2="0">
      <marc:subfield code="q">PDF</marc:subfield>
      <marc:subfield code="s">22.25 MB</marc:subfield>
      <marc:subfield code="u">https://publications.gc.ca/collections/collection_2020/mpo-dfo/fs70-5/Fs70-5-2020-030-eng.pdf</marc:subfield>
    </marc:datafield>
  </marc:record>
</marc:collection>
